Statistics for Numbers In English - Read DSC

Click here to take the quiz!

General Stats

  • This quiz has been taken 12 times
  • The average score is 13 of 15

Answer Stats

HintAnswer% Correct
1One
100%
4Four
92%
6Six
92%
2Two
92%
46Forty-Six
83%
9Nine
83%
7Seven
83%
76Seventy-Six
83%
73Seventy-Three
83%
63Sixty-Three
83%
10Ten
83%
12Twelve
83%
0Zero
83%
89Eighty-Nine
75%
31Thirty-One
75%

Score Distribution

Percentile by Number Answered

Percent of People with Each Score

Your Score History

You have not taken this quiz